<?xml version="1.0" encoding="UTF-8"?>
<record
    xmlns:xsi="http://www.w3.org/2001/XMLSchema-instance"
    xsi:schemaLocation="http://www.loc.gov/MARC21/slim http://www.loc.gov/standards/marcxml/schema/MARC21slim.xsd"
    xmlns="http://www.loc.gov/MARC21/slim">

  <leader>03141nam a2200373Ii 4500</leader>
  <controlfield tag="001">DIGSLX0133</controlfield>
  <controlfield tag="003">NyNyDIG</controlfield>
  <controlfield tag="006">m     o  d        </controlfield>
  <controlfield tag="007">cr |||||||||||</controlfield>
  <controlfield tag="008">140101s2013    sp a    ob    000 0 spa d</controlfield>
  <datafield tag="020" ind1=" " ind2=" ">
    <subfield code="z">9788477377818</subfield>
  </datafield>
  <datafield tag="020" ind1=" " ind2=" ">
    <subfield code="z">8477377812</subfield>
  </datafield>
  <datafield tag="035" ind1=" " ind2=" ">
    <subfield code="a">(OCoLC)888244825</subfield>
  </datafield>
  <datafield tag="040" ind1=" " ind2=" ">
    <subfield code="a">DGITA</subfield>
    <subfield code="b">eng</subfield>
    <subfield code="e">pn</subfield>
    <subfield code="c">DGITA</subfield>
  </datafield>
  <datafield tag="043" ind1=" " ind2=" ">
    <subfield code="a">e-sp---</subfield>
  </datafield>
  <datafield tag="050" ind1="1" ind2="4">
    <subfield code="a">GN585.S7 eBook</subfield>
  </datafield>
  <datafield tag="245" ind1="0" ind2="0">
    <subfield code="a">Cultura material y vida cotidiana moderna :</subfield>
    <subfield code="b">escenarios /</subfield>
    <subfield code="c">M&#xE1;ximo Garc&#xED;a Fern&#xE1;ndez (dir.).</subfield>
  </datafield>
  <datafield tag="264" ind1=" " ind2="1">
    <subfield code="a">Madrid :</subfield>
    <subfield code="b">S&#xED;lex,</subfield>
    <subfield code="c">2013.</subfield>
  </datafield>
  <datafield tag="300" ind1=" " ind2=" ">
    <subfield code="a">1 online resource (306 pages) :</subfield>
    <subfield code="b">ill. </subfield>
  </datafield>
  <datafield tag="336" ind1=" " ind2=" ">
    <subfield code="a">text</subfield>
    <subfield code="b">txt</subfield>
    <subfield code="2">rdacontent</subfield>
  </datafield>
  <datafield tag="337" ind1=" " ind2=" ">
    <subfield code="a">computer</subfield>
    <subfield code="b">c</subfield>
    <subfield code="2">rdamedia</subfield>
  </datafield>
  <datafield tag="338" ind1=" " ind2=" ">
    <subfield code="a">online resource</subfield>
    <subfield code="b">cr</subfield>
    <subfield code="2">rdacarrier</subfield>
  </datafield>
  <datafield tag="504" ind1=" " ind2=" ">
    <subfield code="a">Includes bibliographical references.</subfield>
  </datafield>
  <datafield tag="505" ind1="0" ind2=" ">
    <subfield code="a">Prefacio. Cultura e identidades: nuevos horizontes y planteamientos de futuro / M&#xE1;ximo Garc&#xED;a Fern&#xE1;ndez -- La documentaci&#xF3;n de bienes de difuntos y el estudio de la vida cotidiana / Mar&#xED;a del Mar Barrientos M&#xE1;rquez ; Mar&#xED;a Magdalena Guerrero Cano -- El consumo festivo. Galas y gasto de boda en las capitulaciones matrimoniales de una zona rural castellana en el siglo XVIII. Mar&#xED;a de los &#xC1;ngeles Sobaler Seco -- Las causas matrimoniales en el Archivo de la Catedral de Valladolid. Fuentes para la historia de la vida cotidiana familiar / Margarita Torremocha Hern&#xE1;ndez -- Patrimonios, condiciones de vida y consumo. La burgues&#xED;a administrativa y las profesiones liberales en la ciudad de Le&#xF3;n. 1700-1850 / Juan Manuel Bartolom&#xE9; Bartolom&#xE9; -- Los patrimonios de la burgues&#xED;a comercial vallisoletana, 1760-1860. Rosa Mar&#xED;a D&#xE1;vila Corona -- Habitar: del espacio a los objetos / Isabel dos Guimaraes S&#xE1; -- La vida cotidiana de las mujeres y su regulaci&#xF3;n. Entre los modelos ideales y las conductas transgresoras / Gloria A. Franco Rubio -- Vivienda e interiores dom&#xE9;sticos en el Madrid ilustrado / Natalia Gonz&#xE1;lez Heras -- Tiempos y ritmos de la alimentaci&#xF3;n en la Espa&#xF1;a del siglo XVIII / Mar&#xED;a de los &#xC1;ngeles P&#xE9;rez Samper -- Aproximaci&#xF3;n a la mesa de los burgaleses. Cuberter&#xED;as y platos en el setecientos / Francisco Jos&#xE9; Sanz de la Higuera -- Fiesta y sociabilidad en Andaluc&#xED;a en el siglo XVIII / Inmaculada Arias de Saavedra Alfas -- Experiencias subjetivas de las estrategias familiares: Una aproximaci&#xF3;n a la vida cotidiana desde la historia de la familia / Mariela Fargas Pe&#xF1;arrocha -- Cultura material, consumo, moda e identidades sociales: la almoneda de bienes / M&#xE1;ximo Garc&#xED;a Fern&#xE1;ndez -- Clasificando el mundo. Los libros de trajes en la Europa del siglo XVI / Margarita M. Birriel Salcedo -- Ep&#xED;logo Los tiempos en la vida cotidiana (siglos XVI-XVII) / Manuel Pe&#xF1;a D&#xED;az.</subfield>
  </datafield>
  <datafield tag="650" ind1=" " ind2="0">
    <subfield code="a">Material culture</subfield>
    <subfield code="z">Spain</subfield>
    <subfield code="x">History.</subfield>
  </datafield>
  <datafield tag="651" ind1=" " ind2="0">
    <subfield code="a">Spain</subfield>
    <subfield code="x">Social life and customs.</subfield>
  </datafield>
  <datafield tag="655" ind1=" " ind2="0">
    <subfield code="a">Electronic books.</subfield>
  </datafield>
  <datafield tag="700" ind1="1" ind2=" ">
    <subfield code="a">Garc&#xED;a Fern&#xE1;ndez, M&#xE1;ximo.</subfield>
  </datafield>
  <datafield tag="791" ind1="2" ind2=" ">
    <subfield code="a">Digitalia (Firm),</subfield>
    <subfield code="e">distributor.</subfield>
  </datafield>
  <datafield tag="793" ind1="0" ind2=" ">
    <subfield code="g">Digitalia eBook Collection:</subfield>
    <subfield code="a">S&#xED;lex.</subfield>
  </datafield>
  <datafield tag="856" ind1="4" ind2="0">
    <subfield code="3">Digitalia Hisp&#xE1;nica</subfield>
    <subfield code="u">https://www.digitaliapublishing.com/a/21228/</subfield>
  </datafield>
  <datafield tag="910" ind1=" " ind2=" ">
    <subfield code="a">Premium Collection: 2007-2012</subfield>
  </datafield>
  <datafield tag="942" ind1=" " ind2=" ">
    <subfield code="c">RAA</subfield>
  </datafield>
  <datafield tag="952" ind1=" " ind2=" ">
    <subfield code="0">0</subfield>
    <subfield code="1">0</subfield>
    <subfield code="4">0</subfield>
    <subfield code="7">0</subfield>
    <subfield code="8">DEH</subfield>
    <subfield code="a">BD-UIN</subfield>
    <subfield code="b">BD-UIN</subfield>
    <subfield code="d">2025-04-25</subfield>
    <subfield code="l">0</subfield>
    <subfield code="r">2025-04-25</subfield>
    <subfield code="w">2025-04-25</subfield>
    <subfield code="y">RAA</subfield>
  </datafield>
  <datafield tag="999" ind1=" " ind2=" ">
    <subfield code="c">237327</subfield>
    <subfield code="d">237327</subfield>
  </datafield>
</record>
